| 000 | 00446nam a22001577a 4500 | ||
|---|---|---|---|
| 999 |
_c114306 _d114306 |
||
| 005 | 20191022094552.0 | ||
| 008 | 191022b ||||| |||| 00| 0 eng d | ||
| 020 | _a9789387938557 | ||
| 040 | _cPK-LaUMT | ||
| 082 |
_a612 _bGRA-G |
||
| 100 | _aGray, Henry | ||
| 245 |
_aGray's anatomy : _bdescriptive and surgical / _cby Henry Gray |
||
| 260 |
_aNew Delhi : _bMedtech; Scientific International Pvt. Ltd, _c2017 |
||
| 300 | _a778 p. | ||
| 942 | _cBK | ||